[Event "15th PKWN Festival it"]
[Site "Naleczow POL"]
[Date "1979.07.??"]
[Round "5"]
[White "Jakobsen, Ole"]
[Black "Nicevski, Risto"]
[Result "1/2-1/2"]
[WhiteElo "2415"]
[BlackElo "2380"]
[EventDate "1979.07.14"]
[PlyCount "64"]

1.d4 Nf6 2.c4 g6 3.f3 Bg7 4.e4 d6 5.Ne2 a6 6.Nec3 O-O 7.Be3 Nbd7 8.Nd2 c5 
9.d5 e6 10.a4 Ne8 11.dxe6 fxe6 12.Nb3 Bh6 13.Qd2 Bxe3 14.Qxe3 Qb6 15.Ra3 
Ne5 16.Bd3 Bd7 17.O-O Nf6 18.Be2 Nc6 19.Rd1 Ne8 20.a5 Qd8 21.Qd2 Qf6 22.
Bf1 Rd8 23.Ne2 e5 24.Nc3 Be6 25.Nd5 Qf7 26.Na1 Nf6 27.Nc2 Bxd5 28.cxd5 Nd4
29.Nxd4 cxd4 30.Raa1 Rc8 31.Rac1 Qd7 32.Rxc8 1/2-1/2

[Event "15th PKWN Festival it"]
[Site "Naleczow POL"]
[Date "1979.07.??"]
[Round "5"]
[White "Moiseev, Oleg"]
[Black "Tseitlin, Mark"]
[Result "1/2-1/2"]
[WhiteElo "2425"]
[BlackElo "2505"]
[EventDate "1979.07.14"]
[PlyCount "32"]

1.d4 Nf6 2.c4 e6 3.Nc3 Bb4 4.e3 c5 5.Nf3 O-O 6.Bd3 d5 7.O-O cxd4 8.exd4 
dxc4 9.Bxc4 b6 10.Bg5 Bb7 11.Qe2 Bxc3 12.bxc3 Nbd7 13.Bd3 Qc7 14.Rac1 Ng4 
15.Be4 Bxe4 16.Qxe4 Ngf6 1/2-1/2

[Event "15th PKWN Festival it"]
[Site "Naleczow POL"]
[Date "1979.07.??"]
[Round "5"]
[White "Schussler, Harry"]
[Black "Vogt, Lothar"]
[Result "1/2-1/2"]
[WhiteElo "2460"]
[BlackElo "2500"]
[EventDate "1979.07.14"]
[PlyCount "34"]

1.b3 e5 2.Bb2 d6 3.Nf3 Nf6 4.g3 Be7 5.d3 O-O 6.Bg2 c6 7.O-O Nbd7 8.c4 a5 
9.Nc3 Re8 10.Qc2 Qb6 11.d4 exd4 12.Na4 Qc7 13.Nxd4 Nb6 14.Nc3 a4 15.h3 Bf8
16.Rfd1 Bd7 17.Nf3 1/2-1/2

[Event "15th PKWN Festival it"]
[Site "Naleczow POL"]
[Date "1979.07.??"]
[Round "5"]
[White "Luczak, Andrzej"]
[Black "Prandstetter, Eduard"]
[Result "1/2-1/2"]
[WhiteElo "2440"]
[BlackElo "2385"]
[EventDate "1979.07.14"]
[PlyCount "172"]

1.Nf3 Nf6 2.c4 e6 3.Nc3 d5 4.d4 Be7 5.Bg5 O-O 6.e3 Nbd7 7.cxd5 Nxd5 8.Bxe7
Qxe7 9.Qc2 Nxc3 10.bxc3 c5 11.Bd3 g6 12.O-O b6 13.e4 Bb7 14.Qd2 Rfd8 15.
Rfe1 cxd4 16.cxd4 Rac8 17.a4 e5 18.d5 Nc5 19.Bc4 Ba6 20.Bxa6 Nxa6 21.a5 
Nc5 22.Qb4 Qe8 23.Red1 b5 24.a6 f6 25.h3 Qf8 26.Nd2 Na4 27.Qb3 Nc3 28.Rf1 
Qc5 29.Rfe1 Qd4 30.Nf3 Qc4 31.Qc2 b4 32.Kh2 b3 33.Qb2 Na4 34.Qa3 b2 35.
Rab1 Kf7 36.Nd2 Qb5 37.Re3 Qd7 38.Rb3 Rb8 39.Nc4 Rxb3 40.Qxb3 Nc5 41.Qxb2 
Nxa6 42.Qa3 Rb8 43.Rc1 Nb4 44.Qa5 Kg8 45.Rb1 Na6 46.Ra1 Nc7 47.Qc5 Nb5 48.
Ra6 Kg7 49.Nd6 Nxd6 50.Rxd6 Qe7 51.Qc6 Rb6 52.Rd7 Rxc6 53.Rxe7+ Kf8 54.
Rxa7 Rc4 55.f3 h5 56.Kg3 Rc2 57.h4 Rd2 58.Ra3 Rd4 59.Re3 Rd2 60.Kh3 Rd1 
61.g3 Rd2 62.Ra3 Kf7 63.Ra7+ Kg8 64.g4 hxg4+ 65.fxg4 Rd3+ 66.Kg2 f5 67.
gxf5 gxf5 68.exf5 Rxd5 69.Kg3 Rd4 70.Re7 Kf8 71.Rxe5 Kf7 72.Re6 Rd1 73.h5 
Rg1+ 74.Kf4 Rf1+ 75.Kg5 Rg1+ 76.Kh6 Rf1 77.Re5 Kf6 78.Ra5 Rh1 79.Rb5 Rh2 
80.Rb1 Kxf5 81.Rf1+ Ke6 82.Kg6 Rg2+ 83.Kh7 Ke7 84.h6 Rg3 85.Kh8 Rg2 86.h7 
Rg3 1/2-1/2

[Event "15th PKWN Festival it"]
[Site "Naleczow POL"]
[Date "1979.07.??"]
[Round "5"]
[White "Espig, Lutz"]
[Black "Ivanovic, Bozidar"]
[Result "1-0"]
[WhiteElo "2450"]
[BlackElo "2460"]
[EventDate "1979.07.14"]
[PlyCount "167"]

1.Nf3 g6 2.e4 c6 3.d4 d5 4.Nbd2 Bg4 5.Bd3 Nf6 6.e5 Nfd7 7.h3 Bxf3 8.Nxf3 
e6 9.O-O c5 10.c3 Nc6 11.a3 c4 12.Bc2 b5 13.Bg5 Qc7 14.Qd2 h6 15.Be3 a5 
16.Nh2 a4 17.f4 h5 18.g4 hxg4 19.hxg4 O-O-O 20.Nf3 f5 21.Qg2 Be7 22.Kf2 
Kb7 23.Rh1 Qc8 24.Kg3 fxg4 25.Kxg4 Rhg8 26.Kg3 Rdf8 27.Rh6 Rf7 28.Rah1 Qf8
29.Rh7 Bd8 30.Kf2 Rfg7 31.Rxg7 Qxg7 32.Rg1 Ne7 33.Ke2 Nf8 34.Bf2 Nf5 35.
Bxf5 exf5 36.Bh4 Ne6 37.Ke3 Qd7 38.Bxd8 Qxd8 39.Ng5 Nxg5 40.Qxg5 Qxg5 41.
Rxg5 Kc7 42.Rg2 Kd7 43.Rh2 Rg7 44.Kf3 Ke7 45.Rh8 g5 46.fxg5 Rxg5 47.Rb8 
Rg1 48.Rxb5 Rf1+ 49.Ke2 Rb1 50.Ke3 Re1+ 51.Kf4 Rf1+ 52.Kg5 f4 53.Kg4 f3 
54.Rb7+ Ke6 55.Rb6+ Kd7 56.Kg3 Ke7 57.Kf4 Kf7 58.Ke3 Ke7 59.Rb4 Ke6 60.
Rxa4 Kf5 61.Ra8 Rb1 62.Rb8 Kg4 63.Rg8+ Kf5 64.Kxf3 Rxb2 65.Rf8+ Ke6 66.
Rf6+ Ke7 67.Rd6 Rb5 68.a4 Ra5 69.Kf4 Rxa4 70.Rxd5 Ra3 71.Rc5 Rxc3 72.d5 
Kd7 73.Ke4 Rc1 74.e6+ Ke7 75.Kd4 Rd1+ 76.Kxc4 Rc1+ 77.Kb5 Rb1+ 78.Kc6 Ra1 
79.Rc2 Ra6+ 80.Kb5 Rd6 81.Kc5 Ra6 82.Kd4 Kd6 83.Rc4 Rb6 84.Rc6+ 1-0

[Event "15th PKWN Festival it"]
[Site "Naleczow POL"]
[Date "1979.07.??"]
[Round "5"]
[White "Plachetka, Jan"]
[Black "Kuligowski, Adam"]
[Result "1-0"]
[WhiteElo "2445"]
[BlackElo "2495"]
[EventDate "1979.07.14"]
[PlyCount "83"]

1.d4 Nf6 2.c4 c5 3.d5 d6 4.Nc3 e6 5.Nf3 g6 6.Bg5 Bg7 7.e4 h6 8.Bh4 O-O 9.
Nd2 a6 10.a4 e5 11.Be2 h5 12.Bg5 Qe8 13.h3 Nh7 14.Be3 h4 15.g4 hxg3 16.
fxg3 f5 17.g4 f4 18.Bf2 g5 19.a5 Nd7 20.Na4 Rf6 21.Bf3 Rh6 22.b4 cxb4 23.
Qb3 Bf8 24.Qxb4 Qg6 25.Ke2 Nhf6 26.Rag1 Ne8 27.Qc3 Qg7 28.h4 Be7 29.c5 
dxc5 30.Nc4 Nd6 31.Nxd6 Bxd6 32.hxg5 Rxh1 33.Rxh1 Qxg5 34.Rh5 Qg7 35.g5 
Rb8 36.Rh6 Be7 37.Bh5 Nf8 38.d6 Bxg5 39.Qc4+ Be6 40.Rxe6 Nxe6 41.Qxe6+ Kh8
42.Nxc5 1-0

[Event "15th PKWN Festival it"]
[Site "Naleczow POL"]
[Date "1979.07.??"]
[Round "6"]
[White "Kuligowski, Adam"]
[Black "Espig, Lutz"]
[Result "1/2-1/2"]
[WhiteElo "2495"]
[BlackElo "2450"]
[EventDate "1979.07.14"]
[PlyCount "47"]

1.c4 c5 2.Nf3 e6 3.Nc3 d5 4.cxd5 exd5 5.d4 Nc6 6.e3 Nf6 7.Be2 Bd6 8.O-O 
O-O 9.dxc5 Bxc5 10.b3 a6 11.Bb2 Ba7 12.Rc1 Bg4 13.Rc2 Bxf3 14.Bxf3 d4 15.
exd4 Nxd4 16.Rc1 Qd7 17.Ne4 Nxf3+ 18.Qxf3 Nxe4 19.Qxe4 Rfe8 20.Rcd1 Rxe4 
21.Rxd7 Re2 22.Bc1 f6 23.Rxb7 Rxa2 24.h3 1/2-1/2

[Event "15th PKWN Festival it"]
[Site "Naleczow POL"]
[Date "1979.07.??"]
[Round "6"]
[White "Prandstetter, Eduard"]
[Black "Moiseev, Oleg"]
[Result "1/2-1/2"]
[WhiteElo "2385"]
[BlackElo "2425"]
[EventDate "1979.07.14"]
[PlyCount "42"]

1.e4 c5 2.Nf3 e6 3.d4 cxd4 4.Nxd4 a6 5.Nc3 Qc7 6.Bd3 Nc6 7.Nb3 Nf6 8.f4 d6
9.Be3 Be7 10.O-O O-O 11.a4 b6 12.Qf3 Bb7 13.Qh3 Nb4 14.Nd4 Nxd3 15.cxd3 
Nd7 16.Rac1 Qd8 17.Rfd1 Rc8 18.Nde2 Bc6 19.Nd4 Bb7 20.Nde2 Bc6 21.Nd4 
1/2-1/2

[Event "15th PKWN Festival it"]
[Site "Naleczow POL"]
[Date "1979.07.??"]
[Round "6"]
[White "Przewoznik, Jan"]
[Black "Luczak, Andrzej"]
[Result "1-0"]
[WhiteElo "2240"]
[BlackElo "2440"]
[EventDate "1979.07.14"]
[PlyCount "100"]

1.e4 e5 2.Nf3 Nc6 3.Bb5 a6 4.Ba4 d6 5.Bxc6+ bxc6 6.d4 f6 7.Be3 g6 8.Qd2 
Bg7 9.Nc3 Ne7 10.O-O-O h6 11.Ne1 Be6 12.f4 exd4 13.Bxd4 c5 14.Be3 f5 15.e5
dxe5 16.Qe2 Qc8 17.fxe5 O-O 18.Bxc5 Re8 19.Bxe7 Rxe7 20.Nf3 Qb7 21.h4 c5 
22.Rd6 Qb4 23.a3 Qf4+ 24.Qd2 Qxd2+ 25.Kxd2 Kf7 26.Ke3 Rb7 27.b3 Bf8 28.Rc6
Be7 29.Rd1 Rd7 30.Rxd7 Bxd7 31.e6+ Bxe6 32.Ne5+ Kf6 33.Nxg6 Kxg6 34.Rxe6+ 
Kf7 35.Rxh6 c4 36.b4 a5 37.Nd5 Kg7 38.Rc6 Bxh4 39.Rxc4 Bg5+ 40.Kd4 a4 41.
b5 Bc1 42.Nc3 Bxa3 43.Nxa4 Re8 44.b6 Bd6 45.Nc3 Kf7 46.Kd5 Bh2 47.Rh4 Bg3 
48.Rh7+ Kg6 49.Rd7 Rc8 50.Ne2 1-0

[Event "15th PKWN Festival it"]
[Site "Naleczow POL"]
[Date "1979.07.??"]
[Round "6"]
[White "Tseitlin, Mark"]
[Black "Jamroz, Zbigniew"]
[Result "1/2-1/2"]
[WhiteElo "2505"]
[BlackElo "2345"]
[EventDate "1979.07.14"]
[PlyCount "62"]

1.e4 c5 2.Nf3 Nc6 3.Bb5 g6 4.O-O Bg7 5.c3 Nf6 6.d4 cxd4 7.cxd4 d5 8.e5 Ng8
9.Nc3 e6 10.Bg5 Ne7 11.Bxc6+ bxc6 12.Qa4 Bd7 13.Qa3 h6 14.Bd2 O-O 15.Na4 
Nf5 16.Nc5 Re8 17.Ba5 Qe7 18.g4 Nxd4 19.Nxd4 Bxe5 20.Nxd7 Bxd4 21.Qxe7 
Rxe7 22.Rfd1 c5 23.Rxd4 cxd4 24.Nc5 e5 25.Kf1 Rc8 26.Rc1 f5 27.gxf5 gxf5 
28.b4 e4 29.b5 f4 30.f3 Kh7 31.Bb4 Rec7 1/2-1/2

[Event "15th PKWN Festival it"]
[Site "Naleczow POL"]
[Date "1979.07.??"]
[Round "6"]
[White "Vogt, Lothar"]
[Black "Nicevski, Risto"]
[Result "1/2-1/2"]
[WhiteElo "2500"]
[BlackElo "2380"]
[EventDate "1979.07.14"]
[PlyCount "52"]

1.e4 c5 2.Nf3 d6 3.d4 cxd4 4.Nxd4 Nf6 5.Nc3 a6 6.Be2 e5 7.Nb3 Be7 8.O-O 
O-O 9.a4 Nc6 10.Bg5 Be6 11.Bxf6 Bxf6 12.Nd5 Bg5 13.a5 Rc8 14.c4 g6 15.Qd3 
f5 16.Bf3 Rf7 17.Nb6 Rb8 18.Rad1 Be7 19.exf5 gxf5 20.Bd5 Bxd5 21.Qxd5 Qe8 
22.f4 Rd8 23.Kh1 Bf8 24.Na1 Bh6 25.Nc2 Kh8 26.Rde1 1/2-1/2

[Event "15th PKWN Festival it"]
[Site "Naleczow POL"]
[Date "1979.07.??"]
[Round "6"]
[White "Szymczak, Zbigniew"]
[Black "Jakobsen, Ole"]
[Result "1/2-1/2"]
[WhiteElo "2355"]
[BlackElo "2415"]
[EventDate "1979.07.14"]
[PlyCount "32"]

1.d4 Nf6 2.c4 c5 3.d5 g6 4.Nc3 d6 5.e4 Bg7 6.Bd3 O-O 7.h3 e6 8.Nf3 exd5 9.
exd5 Re8+ 10.Be3 Nh5 11.O-O Nd7 12.Qd2 Ne5 13.Nxe5 Bxe5 14.Rae1 f5 15.Bg5 
Qb6 16.Be2 Ng7 1/2-1/2

[Event "15th PKWN Festival it"]
[Site "Naleczow POL"]
[Date "1979.07.??"]
[Round "6"]
[White "Schussler, Harry"]
[Black "Ghinda, Mihail Viorel"]
[Result "1/2-1/2"]
[WhiteElo "2460"]
[BlackElo "2455"]
[EventDate "1979.07.14"]
[PlyCount "36"]

1.e4 e5 2.Nf3 Nc6 3.Bb5 Nf6 4.O-O Nxe4 5.d4 Nd6 6.Bxc6 dxc6 7.dxe5 Nf5 8.
Qxd8+ Kxd8 9.b3 h6 10.Bb2 Be6 11.h3 Be7 12.Nbd2 Ke8 13.g4 Nh4 14.Nxh4 Bxh4
15.f4 Rd8 16.Rad1 Be7 17.Nf3 Rxd1 18.Rxd1 h5 1/2-1/2

[Event "15th PKWN Festival it"]
[Site "Naleczow POL"]
[Date "1979.07.??"]
[Round "6"]
[White "Ivanovic, Bozidar"]
[Black "Bilek, Istvan"]
[Result "1/2-1/2"]
[WhiteElo "2460"]
[BlackElo "2460"]
[EventDate "1979.07.14"]
[PlyCount "39"]

1.e4 c5 2.Nf3 g6 3.d4 Bg7 4.Nc3 cxd4 5.Nxd4 Nc6 6.Be3 Nf6 7.Bc4 O-O 8.Bb3 
d6 9.f3 Bd7 10.h4 Na5 11.Qd2 Rc8 12.h5 Nxh5 13.Nde2 Nc4 14.Bxc4 Rxc4 15.
Bh6 Be5 16.O-O-O Re8 17.f4 Bxc3 18.Nxc3 Qa5 19.e5 Ng3 20.Rhe1 1/2-1/2

[Event "15th PKWN Festival it"]
[Site "Naleczow POL"]
[Date "1979.07.??"]
[Round "7"]
[White "Plachetka, Jan"]
[Black "Tseitlin, Mark"]
[Result "1/2-1/2"]
[WhiteElo "2445"]
[BlackElo "2505"]
[EventDate "1979.07.14"]
[PlyCount "46"]

1.Nf3 f5 2.d4 Nf6 3.c4 g6 4.Nc3 d6 5.Qc2 Nc6 6.d5 Ne5 7.Nxe5 dxe5 8.e4 Bg7
9.Bd3 f4 10.Bd2 O-O 11.c5 Kh8 12.Bc4 e6 13.b4 exd5 14.Nxd5 Be6 15.Nxf6 
Qxf6 16.Bxe6 Qxe6 17.f3 Rad8 18.O-O Rd7 19.Bc3 Rfd8 20.Rad1 Bf6 21.Rxd7 
Rxd7 22.Rf2 b6 23.cxb6 cxb6 1/2-1/2

[Event "15th PKWN Festival it"]
[Site "Naleczow POL"]
[Date "1979.07.??"]
[Round "7"]
[White "Luczak, Andrzej"]
[Black "Schussler, Harry"]
[Result "1/2-1/2"]
[WhiteElo "2440"]
[BlackElo "2460"]
[EventDate "1979.07.14"]
[PlyCount "58"]

1.d4 Nf6 2.c4 e6 3.Nc3 Bb4 4.e3 c5 5.Bd3 Nc6 6.Nf3 Bxc3+ 7.bxc3 d6 8.O-O 
e5 9.Nd2 Bd7 10.Ne4 Qe7 11.Nxf6+ Qxf6 12.dxc5 dxc5 13.Be4 O-O-O 14.Qc2 Qe7
15.Rb1 b6 16.Bd5 Kc7 17.e4 g5 18.Be3 Na5 19.Rfd1 h5 20.f3 h4 21.Rb2 f6 22.
Rdb1 Rb8 23.Qe2 Ba4 24.Rf1 Nb7 25.Rd2 Rbd8 26.Rf2 Rh7 27.Qf1 Kc8 28.Qc1 
Na5 29.Rd3 Kc7 1/2-1/2

[Event "15th PKWN Festival it"]
[Site "Naleczow POL"]
[Date "1979.07.??"]
[Round "7"]
[White "Bilek, Istvan"]
[Black "Kuligowski, Adam"]
[Result "1/2-1/2"]
[WhiteElo "2460"]
[BlackElo "2495"]
[EventDate "1979.07.14"]
[PlyCount "22"]

1.c4 e6 2.Nf3 d5 3.b3 Nf6 4.g3 Be7 5.Bg2 O-O 6.O-O a6 7.Bb2 b5 8.d4 Bb7 9.
Qc2 bxc4 10.bxc4 dxc4 11.Nbd2 Nbd7 1/2-1/2

[Event "15th PKWN Festival it"]
[Site "Naleczow POL"]
[Date "1979.07.??"]
[Round "7"]
[White "Espig, Lutz"]
[Black "Fedorowicz, John"]
[Result "1/2-1/2"]
[WhiteElo "2450"]
[BlackElo "2405"]
[EventDate "1979.07.14"]
[PlyCount "22"]

1.Nf3 e6 2.g3 b6 3.Bg2 Bb7 4.O-O Nf6 5.c4 c5 6.b3 Be7 7.Nc3 d6 8.Bb2 a6 9.
e3 O-O 10.d4 cxd4 11.exd4 Nbd7 1/2-1/2

[Event "15th PKWN Festival it"]
[Site "Naleczow POL"]
[Date "1979.07.??"]
[Round "7"]
[White "Moiseev, Oleg"]
[Black "Przewoznik, Jan"]
[Result "1-0"]
[WhiteElo "2425"]
[BlackElo "2240"]
[EventDate "1979.07.14"]
[PlyCount "52"]

1.d4 Nf6 2.Nf3 e6 3.c4 c5 4.d5 b5 5.Bg5 bxc4 6.Nc3 d6 7.e4 e5 8.Nd2 Be7 9.
Nxc4 O-O 10.Be2 Ne8 11.Bd2 Bg5 12.O-O Bxd2 13.Qxd2 Nd7 14.Nb5 Ndf6 15.f3 
a5 16.Rac1 Kh8 17.Rc3 Ba6 18.Nba3 Nh5 19.g3 f5 20.exf5 Rxf5 21.f4 exf4 22.
g4 Rg5 23.h4 Rg6 24.g5 Ng3 25.Rxg3 Nf6 26.Rg2 1-0

[Event "15th PKWN Festival it"]
[Site "Naleczow POL"]
[Date "1979.07.??"]
[Round "7"]
[White "Jakobsen, Ole"]
[Black "Ivanovic, Bozidar"]
[Result "1-0"]
[WhiteElo "2415"]
[BlackElo "2460"]
[EventDate "1979.07.14"]
[PlyCount "119"]

1.d4 g6 2.e4 Bg7 3.c4 d6 4.Nc3 Nd7 5.Be3 e5 6.Nge2 Nh6 7.Qc1 Ng4 8.Bg5 f6 
9.Bd2 f5 10.Bg5 Ngf6 11.exf5 O-O 12.fxg6 exd4 13.gxh7+ Kh8 14.Nxd4 Qe8+ 
15.Be2 Ne4 16.Be3 Nxf2 17.O-O Ne4 18.Nd5 Rxf1+ 19.Bxf1 c5 20.Nf3 Qh5 21.
Bd3 Ndf6 22.Nxf6 Nxf6 23.Qc2 Ng4 24.Bf4 Qf7 25.Qd2 Be6 26.h3 Rf8 27.Bg5 
Ne5 28.Nxe5 Bxe5 29.Rf1 Qg7 30.Rxf8+ Qxf8 31.b3 a6 32.Qf2 Qg7 33.Qh4 d5 
34.Bh6 Qd7 35.Qf2 Bd4 36.Be3 Bg7 37.Bxc5 dxc4 38.Bxc4 Bf5 39.Qg3 Qe8 40.
Be3 b5 41.Bd5 Bxh7 42.Qf4 Qe5 43.Qxe5 Bxe5 44.Bd2 Bb1 45.b4 Kg7 46.Kf2 
Bd4+ 47.Kf3 Kf6 48.Kf4 Be5+ 49.Ke3 Bb2 50.Bb7 Bxa2 51.Bxa6 Bd5 52.g4 Bc4 
53.Ke4 Bf1 54.h4 Bg2+ 55.Kd3 Ke6 56.Kc2 Be5 57.Bxb5 Bf3 58.Bc4+ Ke7 59.g5 
Bg3 60.g6 1-0

[Event "15th PKWN Festival it"]
[Site "Naleczow POL"]
[Date "1979.07.??"]
[Round "7"]
[White "Nicevski, Risto"]
[Black "Szymczak, Zbigniew"]
[Result "1/2-1/2"]
[WhiteElo "2380"]
[BlackElo "2355"]
[EventDate "1979.07.14"]
[PlyCount "40"]

1.e4 e5 2.Nf3 Nc6 3.Bb5 a6 4.Ba4 Nf6 5.O-O Be7 6.Re1 b5 7.Bb3 d6 8.c3 O-O 
9.h3 h6 10.d4 Re8 11.Be3 Bf8 12.Nbd2 Bb7 13.Qb1 Qd7 14.a4 d5 15.axb5 axb5 
16.Rxa8 Bxa8 17.exd5 Nxd5 18.dxe5 Nxe5 19.Nxe5 Rxe5 20.Nf3 Rf5 1/2-1/2

[Event "15th PKWN Festival it"]
[Site "Naleczow POL"]
[Date "1979.07.??"]
[Round "8"]
[White "Kuligowski, Adam"]
[Black "Jakobsen, Ole"]
[Result "1/2-1/2"]
[WhiteElo "2495"]
[BlackElo "2415"]
[EventDate "1979.07.14"]
[PlyCount "62"]

1.c4 e5 2.Nc3 Nc6 3.g3 g6 4.Bg2 Bg7 5.Rb1 a5 6.a3 d6 7.b4 axb4 8.axb4 Nf6 
9.b5 Ne7 10.Nf3 O-O 11.O-O Be6 12.d3 h6 13.Bb2 Qd7 14.Re1 Nh7 15.Qc2 c6 
16.Ra1 Rfc8 17.bxc6 bxc6 18.Na4 Rab8 19.Reb1 Qc7 20.Bc3 Rxb1+ 21.Rxb1 Rb8 
22.Rb2 Nf8 23.Qb1 Rxb2 24.Qxb2 Nd7 25.Qb4 Nc8 26.Nd2 d5 27.Qa5 Qxa5 28.
Bxa5 Bf8 29.Kf1 Nd6 30.cxd5 cxd5 31.Nc3 d4 1/2-1/2

[Event "15th PKWN Festival it"]
[Site "Naleczow POL"]
[Date "1979.07.??"]
[Round "8"]
[White "Przewoznik, Jan"]
[Black "Jamroz, Zbigniew"]
[Result "1-0"]
[WhiteElo "2240"]
[BlackElo "2345"]
[EventDate "1979.07.14"]
[PlyCount "72"]

1.e4 c5 2.Nf3 d6 3.d4 cxd4 4.Nxd4 Nc6 5.Nc3 Nf6 6.Bg5 e6 7.Qd2 a6 8.O-O-O 
Bd7 9.f3 b5 10.g4 Be7 11.Be3 Nxd4 12.Bxd4 O-O 13.g5 Ne8 14.h4 Bc6 15.Bd3 
b4 16.Ne2 e5 17.Be3 a5 18.h5 Nc7 19.g6 d5 20.Rdg1 Ne6 21.h6 fxg6 22.hxg7 
Rxf3 23.Rxg6 hxg6 24.Nd4 exd4 25.Rh8+ Kxg7 26.Bxd4+ Nxd4 27.Qh6+ Kf6 28.
Rxd8 Rxd8 29.exd5 Rxd3 30.Qh4+ Kf5 31.Qxe7 Nb3+ 32.axb3 R3xd5 33.Qf7+ Ke5 
34.Qe7+ Kd4 35.Kd2 R5d7 36.c3+ 1-0

[Event "15th PKWN Festival it"]
[Site "Naleczow POL"]
[Date "1979.07.??"]
[Round "8"]
[White "Fedorowicz, John"]
[Black "Bilek, Istvan"]
[Result "1/2-1/2"]
[WhiteElo "2405"]
[BlackElo "2460"]
[EventDate "1979.07.14"]
[PlyCount "22"]

1.c4 Nf6 2.Nc3 c5 3.g3 g6 4.Bg2 Bg7 5.e3 O-O 6.Nge2 Nc6 7.O-O e6 8.d4 cxd4
9.Nxd4 d5 10.cxd5 Nxd4 11.exd4 Nxd5 1/2-1/2

[Event "15th PKWN Festival it"]
[Site "Naleczow POL"]
[Date "1979.07.??"]
[Round "8"]
[White "Ghinda, Mihail Viorel"]
[Black "Luczak, Andrzej"]
[Result "0-1"]
[WhiteElo "2455"]
[BlackElo "2440"]
[EventDate "1979.07.14"]
[PlyCount "84"]

1.e4 e5 2.Nf3 Nc6 3.Bb5 a6 4.Bxc6 dxc6 5.O-O Bd6 6.c3 c5 7.Na3 b5 8.Nc2 
Ne7 9.d3 O-O 10.Be3 Bb7 11.Nd2 Ng6 12.f3 Bc8 13.Nb3 Qe7 14.Qd2 Be6 15.Rfd1
c4 16.dxc4 Bxc4 17.Na5 Bc5 18.Nxc4 bxc4 19.Bxc5 Qxc5+ 20.Qf2 Qxf2+ 21.Kxf2
Rab8 22.Rab1 Nf4 23.Nb4 a5 24.Nc6 Rb5 25.a4 Rc5 26.Ne7+ Kh8 27.Rd7 g6 28.
g3 Ne6 29.Rbd1 Rb8 30.R1d2 Kg7 31.Ke3 Kf8 32.Nd5 Rc6 33.f4 Nc5 34.Rxc7 
Rxc7 35.Nxc7 Nxa4 36.Rd5 Rxb2 37.Rxe5 Nxc3 38.Kd4 Nd1 39.Kxc4 Rc2+ 40.Kd3 
Rxc7 41.Rxa5 Nf2+ 42.Kd4 Rd7+ 0-1

[Event "15th PKWN Festival it"]
[Site "Naleczow POL"]
[Date "1979.07.??"]
[Round "8"]
[White "Prandstetter, Eduard"]
[Black "Plachetka, Jan"]
[Result "1/2-1/2"]
[WhiteElo "2385"]
[BlackElo "2445"]
[EventDate "1979.07.14"]
[PlyCount "24"]

1.e4 c6 2.d4 d5 3.exd5 cxd5 4.Bd3 Nc6 5.c3 e5 6.dxe5 Nxe5 7.Bb5+ Nc6 8.Nf3
Bc5 9.O-O Ne7 10.Bf4 O-O 11.Nbd2 a6 12.Bd3 Bf5 1/2-1/2

[Event "15th PKWN Festival it"]
[Site "Naleczow POL"]
[Date "1979.07.??"]
[Round "8"]
[White "Schussler, Harry"]
[Black "Moiseev, Oleg"]
[Result "1/2-1/2"]
[WhiteElo "2460"]
[BlackElo "2425"]
[EventDate "1979.07.14"]
[PlyCount "30"]

1.d4 Nf6 2.c4 e6 3.Nf3 b6 4.a3 Bb7 5.Nc3 d5 6.cxd5 Nxd5 7.e3 Be7 8.Bb5+ c6
9.Bd3 O-O 10.Bd2 c5 11.dxc5 Nf6 12.Qe2 Bxc5 13.e4 Ng4 14.O-O Nc6 15.Rad1 
1/2-1/2

[Event "15th PKWN Festival it"]
[Site "Naleczow POL"]
[Date "1979.07.??"]
[Round "8"]
[White "Vogt, Lothar"]
[Black "Szymczak, Zbigniew"]
[Result "1/2-1/2"]
[WhiteElo "2500"]
[BlackElo "2355"]
[EventDate "1979.07.14"]
[PlyCount "70"]

1.b4 Nf6 2.Bb2 g6 3.Nf3 Bg7 4.c4 O-O 5.e3 b6 6.Be2 Bb7 7.O-O d5 8.cxd5 
Nxd5 9.Bxg7 Kxg7 10.Qb3 Qd6 11.a3 e5 12.Nc3 Nd7 13.Rac1 Nxc3 14.Rxc3 Rac8 
15.d4 e4 16.Nd2 Nf6 17.Qc2 Rfe8 18.Qa4 Ra8 19.Ba6 Ng4 20.g3 Bd5 21.Bb5 Re7
22.Bc6 Bxc6 23.Qxc6 Qxc6 24.Rxc6 a5 25.b5 Nf6 26.Rfc1 Nd5 27.Nb1 a4 28.Nc3
Nxc3 29.R1xc3 Ra5 30.Rxc7 Rxc7 31.Rxc7 Rxb5 32.Kg2 Rb3 33.Rc6 h5 34.h3 Kf8
35.g4 1/2-1/2

[Event "15th PKWN Festival it"]
[Site "Naleczow POL"]
[Date "1979.07.??"]
[Round "9"]
[White "Nicevski, Risto"]
[Black "Kuligowski, Adam"]
[Result "0-1"]
[WhiteElo "2380"]
[BlackElo "2495"]
[EventDate "1979.07.14"]
[PlyCount "66"]

1.e4 c5 2.Nf3 d6 3.d4 cxd4 4.Nxd4 Nf6 5.Nc3 a6 6.Be2 e5 7.Nb3 Be7 8.a4 Nc6
9.Bg5 Be6 10.Bxf6 Bxf6 11.Nd5 Bg5 12.a5 Rc8 13.c4 O-O 14.O-O g6 15.Qd3 Kh8
16.Rfd1 Qe8 17.Qc3 f5 18.f4 Bh6 19.fxe5 Nxe5 20.Nb6 Rd8 21.Rxd6 Bg7 22.
Rxd8 Qxd8 23.Nc5 Bg8 24.Rd1 Qe7 25.Qe3 f4 26.Qf2 f3 27.gxf3 Ng4 28.Rd7 Qg5
29.h4 Qc1+ 30.Rd1 Qxd1+ 31.Bxd1 Nxf2 32.Be2 Nh3+ 33.Kf1 Bd4 0-1

[Event "15th PKWN Festival it"]
[Site "Naleczow POL"]
[Date "1979.07.??"]
[Round "9"]
[White "Plachetka, Jan"]
[Black "Przewoznik, Jan"]
[Result "1/2-1/2"]
[WhiteElo "2445"]
[BlackElo "2240"]
[EventDate "1979.07.14"]
[PlyCount "109"]

1.d4 Nf6 2.c4 g6 3.Nc3 Bg7 4.e4 d6 5.Nf3 O-O 6.Be2 e5 7.O-O Nc6 8.d5 Ne7 
9.Nd2 Nd7 10.b4 f5 11.c5 dxc5 12.bxc5 Nxc5 13.Ba3 b6 14.Bxc5 bxc5 15.Nb3 
fxe4 16.Bc4 Kh8 17.Nxe4 Bb7 18.Nc3 Rf4 19.Qd3 Rd4 20.Nxd4 cxd4 21.Rab1 Bc8
22.Ne4 Nxd5 23.Ng5 Qxg5 24.Bxd5 Bf5 25.Qc4 Rc8 26.Rb7 c6 27.Be6 Be4 28.Bh3
Bd5 29.Qa6 Rf8 30.Qxa7 Qf6 31.Rb8 d3 32.Rxf8+ Bxf8 33.a4 c5 34.a5 c4 35.a6
Qc6 36.Qb8 Qa8 37.Qxe5+ Bg7 38.Qe3 Qxa6 39.Rb1 h5 40.Qc5 Qc6 41.Qe3 Kh7 
42.g3 c3 43.Qxd3 Be4 44.Rb6 Bxd3 45.Rxc6 c2 46.Bf1 Be4 47.Rc7 Kh6 48.Bg2 
Bf5 49.Bh3 Bxh3 50.Rxc2 Kg5 51.Rc4 Be6 52.Ra4 Kf5 53.h4 Bc3 54.Kg2 Ke5 55.
f3 1/2-1/2

[Event "15th PKWN Festival it"]
[Site "Naleczow POL"]
[Date "1979.07.??"]
[Round "9"]
[White "Jamroz, Zbigniew"]
[Black "Schussler, Harry"]
[Result "1/2-1/2"]
[WhiteElo "2345"]
[BlackElo "2460"]
[EventDate "1979.07.14"]
[PlyCount "26"]

1.d4 Nf6 2.c4 e6 3.Nf3 b6 4.g3 Ba6 5.Nbd2 d5 6.cxd5 exd5 7.Bg2 Be7 8.O-O 
O-O 9.b3 c5 10.Bb2 Nc6 11.Rc1 Re8 12.Re1 Bf8 13.a3 Ne4 1/2-1/2

[Event "15th PKWN Festival it"]
[Site "Naleczow POL"]
[Date "1979.07.??"]
[Round "9"]
[White "Jakobsen, Ole"]
[Black "Fedorowicz, John"]
[Result "1/2-1/2"]
[WhiteElo "2415"]
[BlackElo "2405"]
[EventDate "1979.07.14"]
[PlyCount "24"]

1.d4 Nf6 2.Nf3 c5 3.c3 cxd4 4.cxd4 d5 5.Nc3 Nc6 6.Bf4 Bf5 7.e3 e6 8.Bd3 
Bxd3 9.Qxd3 Bd6 10.Bxd6 Qxd6 11.O-O O-O 12.Rfc1 1/2-1/2

[Event "15th PKWN Festival it"]
[Site "Naleczow POL"]
[Date "1979.07.??"]
[Round "9"]
[White "Moiseev, Oleg"]
[Black "Ghinda, Mihail Viorel"]
[Result "1/2-1/2"]
[WhiteElo "2425"]
[BlackElo "2455"]
[EventDate "1979.07.14"]
[PlyCount "30"]

1.d4 g6 2.Nf3 Bg7 3.c4 Nf6 4.Nc3 O-O 5.Bg5 d6 6.e3 c5 7.Be2 b6 8.O-O Bb7 
9.Qc2 Nc6 10.Rad1 cxd4 11.exd4 h6 12.Bh4 Rc8 13.d5 Na5 14.b3 a6 15.a4 
1/2-1/2

[Event "15th PKWN Festival it"]
[Site "Naleczow POL"]
[Date "1979.07.??"]
[Round "9"]
[White "Szymczak, Zbigniew"]
[Black "Ivanovic, Bozidar"]
[Result "1/2-1/2"]
[WhiteElo "2355"]
[BlackElo "2460"]
[EventDate "1979.07.14"]
[PlyCount "91"]

1.d4 g6 2.e4 c6 3.c4 d5 4.cxd5 cxd5 5.exd5 Bg7 6.Nc3 Nf6 7.Bb5+ Nbd7 8.d6 
e6 9.Nf3 O-O 10.O-O a6 11.Bxd7 Qxd7 12.Bg5 Qxd6 13.Bxf6 Bxf6 14.Ne4 Qe7 
15.Nxf6+ Qxf6 16.Rc1 Bd7 17.Ne5 Bb5 18.Re1 Rad8 19.Rc7 Bc6 20.Nxc6 bxc6 
21.Rxc6 Rxd4 22.Qc2 a5 23.Rc8 Rxc8 24.Qxc8+ Rd8 25.Qc2 Qd4 26.g3 h5 27.Re4
Qd5 28.Rc4 h4 29.gxh4 Kh7 30.Qe4 Qb5 31.h5 Qxh5 32.Qh4 Qxh4 33.Rxh4+ Kg7 
34.Ra4 Rd5 35.b4 axb4 36.Rxb4 Rd2 37.Ra4 f5 38.Ra5 Kf6 39.Ra6 g5 40.h3 Rd4
41.Kg2 Rd3 42.Ra5 Rd6 43.Ra8 Rb6 44.a4 Rb2 45.a5 Ke5 46.a6 1/2-1/2